000 00633nam a2200229Ia 4500
003 OSt
005 20220928150108.0
006 a|||||r|||| 00| 0
007 ta
008 220927b |||||||| |||| 00| 0 eng d
024 _a87521
037 _cTextual
040 _aSDCL
_cSDCL
_beng
041 _2eng
_aeng
082 _aWv1'N<-B, N2
100 _aVajpayee Krishan Dutta
_9515197
245 0 _aVishw ke rajneetik darshan ka ethihas
260 _c1992
700 _a Shukal Virender Kumar
_9515198
942 _hWv1'N<-B, N2
_cTEXL
_2CC
999 _c839512
_d839512